| 000 | 00656nam a22001577a 4500 | ||
|---|---|---|---|
| 003 | OSt | ||
| 005 | 20151006105630.0 | ||
| 008 | 151006b xxu||||| |||| 00| 0 eng d | ||
| 040 | _cRUA | ||
| 082 | _aAVM HUN 2005 B075 Or.1 | ||
| 100 |
_92133 _aHUN, PUTHIPISETH. |
||
| 245 | _aStudy on growthrate of hybrid chicken by using cassav root meal in concentrate (ការសិក្សាលើការលូលាស់របស់មាន់ពូជកូនកាត់ដោយប្រើម្សៅមើមដំឡូងមីជាចំណីផ្សំ) | ||
| 260 |
_aPhnom Penh _bRUA _c2005 |
||
| 300 |
_ax, 52p. _bill. _c29cm. |
||
| 942 |
_2ddc _cAVM |
||
| 999 |
_c2005 _d2005 |
||